[Event "79th ch-GER"]
[Site "Bad Woerishofen GER"]
[Date "2008.02.20"]
[Round "6"]
[White "Schuetze, N."]
[Black "Pajeken, W."]
[Result "0-1"]
[WhiteElo "2317"]
[BlackElo "2351"]
[PlyCount "88"]
[EventDate "2008.02.15"]
[Source "www.chesslib.no"]
[SourceDate "2004.05.04"]

1. e4 e5 2. Nf3 Nc6 3. Bc4 Nf6 4. Ng5 d5 5. exd5 Na5 6. Bb5+ c6 7. dxc6 bxc6 8. Be2 h6 9. Nf3 e4 10. Ne5 Qd4 11. f4 Bc5 12. Rf1 Qd6 13. c3 Nb7 14. d4 exd3 15. Qxd3 Qc7 16. Nd2 O-O 17. Ndc4 Be6 18. Bf3 Rad8 19. Qe2 Nd6 20. Nxd6 Rxd6 21. Be3 Bxe3 22. Qxe3 Nd5 23. Bxd5 Bxd5 24. Kf2 f6 25. Ng6 Re6 26. Qc5 Rfe8 27. Rae1 Be4 28. f5 Qxh2 29. fxe6 Qxg2+ 30. Ke3 Bxg6 31. Qd6 Qxb2 32. Qxc6 Qxa2 33. Kf3 Qh2 34. Qd7 Qh3+ 35. Kf2 Qxc3 36. Rg1 Qc5+ 37. Re3 Qf5+ 38. Ke1 Rb8 39. Rxg6 Qxg6 40. Qxa7 Qg1+ 41. Kd2 Rb2+ 42. Kc3 Qc1+ 43. Kd4 Rd2+ 44. Ke4 Qc6+ 0-1

[Event "Corr"]
[Site "?"]
[Date "2004.10.15"]
[Round "?"]
[White "Pessoa Francisco"]
[Black "Trofimov Vladimir"]
[Result "1/2-1/2"]
[WhiteElo "2395"]
[BlackElo "2272"]
[PlyCount "81"]
[EventDate "2004.??.??"]
[Source "www.chesslib.no"]
[SourceDate "2004.05.04"]

1. e4 e5 2. Nf3 Nc6 3. Bc4 Nf6 4. Ng5 d5 5. exd5 Na5 6. Bb5+ c6 7. dxc6 bxc6 8. Be2 h6 9. Nf3 e4 10. Ne5 Bd6 11. d4 exd3 12. Nxd3 Qc7 13. b3 O-O 14. Bb2 Ne4 15. Nc3 f5 16. h3 Bb7 17. O-O Rad8 18. Qe1 Rfe8 19. f4 c5 20. Bh5 c4 21. Bxe8 Rxe8 22. bxc4 Nxc4 23. Rb1 Bc5+ 24. Nxc5 Qxc5+ 25. Rf2 Qxf2+ 26. Qxf2 Nxf2 27. Kxf2 Ba8 28. Ba1 Na3 29. Rc1 Rd8 30. g4 Rd2+ 31. Ne2 Rxc2 32. Rxc2 Nxc2 33. Bc3 Bd5 34. a4 g6 35. gxf5 gxf5 36. Ng3 Be6 37. h4 Kf7 38. Ke2 Na3 39. Kd3 a6 40. Bb4 Nc4 41. Nxf5 1/2-1/2

[Event "POL Ch 40th"]
[Site "Piotrkow Trybunalski"]
[Date "1983.02.15"]
[Round "4"]
[White "Flis, Jacek"]
[Black "Dobrzynski, Wojciech"]
[Result "1-0"]
[WhiteElo "2325"]
[BlackElo "2340"]
[PlyCount "74"]
[EventDate "1983.02.12"]
[Source "www.chesslib.no"]
[SourceDate "2004.05.04"]

1. e4 e5 2. Nf3 Nc6 3. Bc4 Nf6 4. Ng5 d5 5. exd5 Na5 6. Bb5+ c6 7. dxc6 bxc6 8. Be2 h6 9. Nf3 e4 10. Ne5 Bd6 11. f4 exf3 12. Nxf3 O-O 13. O-O Qc7 14. b3 Bg4 15. h3 Bd7 16. d4 Rfe8 17. Bd3 Bg3 18. Nc3 Rad8 19. Ne2 Nd5 20. Bd2 Bd6 21. Qe1 Nb7 22. Qf2 Be6 23. c3 Ba3 24. Ne5 f6 25. Ng6 Bf7 26. Nh4 Nd6 27. Qf3 Qe7 28. Ng3 Qd7 29. Rae1 Rxe1 30. Rxe1 Re8 31. Rxe8+ Qxe8 32. Nhf5 Nxf5 33. Qxf5 Kf8 34. Qf3 Bb2 35. Ne4 Qe7 36. Kh2 Qc7+ 37. g3 Bg6 1-0